| 000 | 00544nam a2200169 i 4500 | ||
|---|---|---|---|
| 001 | 41544 | ||
| 003 | ES-MaACL | ||
| 005 | 20251004063101.0 | ||
| 007 | t| | ||
| 008 | 030311s1971 sp ||||1| gao d | ||
| 100 | 1 |
_aCarballo Calero, Ricardo, _d1910-1990 _935008 |
|
| 245 | 1 | 0 |
_aCatro pezas _b: ;A sombra de Orfeo ; Farsa das zocas ; A arbre ; Auto do prisioneiro / _cRicardo Carballo Calero. |
| 260 |
_a[Vigo] : _bGalaxia, _c[1971] |
||
| 300 |
_a203 p. ; _c18 cm. |
||
| 852 |
_aES-MaACL _jC-45937 _bR.77938 |
||
| 999 |
_c41544 _d41544 |
||